Solar energy : (Record no. 128167)

MARC details
000 -LEADER
fixed length control field 00857nam a22002657a 4500
003 - CONTROL NUMBER IDENTIFIER
control field dpl
005 - DATE AND TIME OF LATEST TRANSACTION
control field 20180804121511.0
008 - FIXED-LENGTH DATA ELEMENTS--GENERAL INFORMATION
fixed length control field 180804b xxu||||| |||| 00| 0 eng d
010 ## - LIBRARY OF CONGRESS CONTROL NUMBER
LC control number A-904524
020 ## - INTERNATIONAL STANDARD BOOK NUMBER
Terms of availability 00.00
International Standard Book Number 0074631411
035 ## - SYSTEM CONTROL NUMBER
System control number A-904524, B-045522
037 ## - SOURCE OF ACQUISITION
Source of stock number/acquisition Cen Lib/Ret
040 ## - CATALOGING SOURCE
Original cataloging agency DPL
Language of cataloging EN
Transcribing agency 0
082 ## - DEWEY DECIMAL CLASSIFICATION NUMBER
Classification number 333.7923
Item number GAR
100 ## - MAIN ENTRY--PERSONAL NAME
Personal name Garg, H. P.
9 (RLIN) 22584
245 ## - TITLE STATEMENT
Title Solar energy :
Statement of responsibility, etc by H. P. Garg [and] J. Prakash
Remainder of title fundamentals and applications /
260 ## - PUBLICATION, DISTRIBUTION, ETC. (IMPRINT)
Place of publication, distribution, etc New Delhi
Name of publisher, distributor, etc Tata McGraw-Hill
Date of publication, distribution, etc 1997
270 ## - ADDRESS
City New Delhi
Address 4/12, Asaf Ali Road
Postal code 110002
300 ## - PHYSICAL DESCRIPTION
Extent xvi,435p.:
Dimensions 24cm(Hb)
Other physical details ill.
500 ## - GENERAL NOTE
General note Includes bibliographical references and index<br/><br/>
650 ## - SUBJECT ADDED ENTRY--TOPICAL TERM
Topical term or geographic name as entry element Solar energy
9 (RLIN) 14197
650 ## - SUBJECT ADDED ENTRY--TOPICAL TERM
Topical term or geographic name as entry element Solar energy--Research
9 (RLIN) 22585
700 ## - ADDED ENTRY--PERSONAL NAME
Personal name Prakash, J.
9 (RLIN) 22586
942 ## - ADDED ENTRY ELEMENTS (KOHA)
Source of classification or shelving scheme Dewey Decimal Classification
Koha item type English Books
Classification part 333.7923
Call number suffix GAR
Holdings
Withdrawn status Lost status Damaged status Not for loan Home library Current library Date acquired Source of acquisition Cost, normal purchase price Total Checkouts Full call number Barcode Date last seen Copy number Cost, replacement price Price effective from Koha item type Source of classification or shelving scheme Collection code
        Central Library Central Library 01/07/2015 Cen Lib/Ret 0.00   333.7923 GAR A-904524 01/07/2015 1 0.00 01/07/2015 English Books    
        Shahdara Branch Shahdara Branch 04/08/2018 BPPD/PUB 0.00   333.7923 GAR B-045522 04/08/2018   0.00 04/08/2018 English Books Dewey Decimal Classification Non-fiction

© Delhi Public Library
Hit Counter
free hit counter